书目信息 |
| 题名: |
应用化学图论
|
|
| 作者: | 许禄 , 胡昌玉 著 | |
| 分册: | ||
| 出版信息: | 北京 科学出版社 2000 |
|
| 页数: | 335页 | |
| 开本: | 20cm | |
| 丛书名: | 计算机化学化工丛书 | |
| 单 册: | ||
| 中图分类: | TQ011 | |
| 科图分类: | ||
| 主题词: | 化学工业--应用数学--图论 | |
| 电子资源: | ||
| ISBN: | 7-03-007914-0 | |
| 000 | 00713nam0 2200241 45 | |
| 001 | 0302171576 | |
| 005 | 20031219104103.7 | |
| 010 | @a7-03-007914-0@dCNY26.00 | |
| 100 | @a20030217d2000 km y0chiy0120 ea | |
| 101 | 0 | @achi |
| 105 | @a z 000yy | |
| 200 | 1 | @a应用化学图论@AYing Yong Hua Xue Tu Lun@f许禄,胡昌玉著@FXu Lu,Hu Chang Yu Zhu |
| 210 | @a北京@c科学出版社@d2000 | |
| 215 | @a335页@d20cm | |
| 225 | @a计算机化学化工丛书@f许志宏主编 | |
| 410 | @12001 @a计算机化学化工丛书 | |
| 410 | @1700 0@a许志宏@AXu Zhi Hong@4主编 | |
| 606 | 0 | @a化学工业@x应用数学@x图论 |
| 690 | @aTQ011@v4 | |
| 701 | 0 | @a许禄@4著 |
| 701 | 0 | @a胡昌玉@4著 |
| 801 | @aCN@bTSTC@c20030217 | |
| 905 | @b319690-692@dTQ011@e55@f3 | |
| 应用化学图论/许禄,胡昌玉著.-北京:科学出版社,2000 |
| 335页;20cm.-(计算机化学化工丛书/许志宏主编) |
| ISBN 7-03-007914-0:CNY26.00 |
| ● |
| 相关链接 |
|
|
|
|
正题名:应用化学图论
索取号:TQ011/55
 
预约/预借
| 序号 | 登录号 | 条形码 | 馆藏地/架位号 | 状态 | 备注 |
| 1 | 0319690 | 203196905 | 第三借阅区/ [索取号:TQ011/55] | 在馆 | |
| 2 | 0319691 | 203196914 | 第三借阅区/ [索取号:TQ011/55] | 在馆 | |
| 3 | 0319692 | 203196923 | 第二样本阅览室/ [索取号:TQ011/55] | 在馆 |